Operational calculus and generalized functions /

Guardado en:
Autor Principal: Erdélyi, Arthur.
Formato: Libro
Idioma:English
Publicado: New York : Holt, Rinehart and Winston, c1962.
Series:Athena series
Etiquetas: Agregar Etiqueta
Sin Etiquetas, Sea el primero en etiquetar este registro!
LEADER 00476nam a22001455a 4500
001 MAT.inmabb001399
008 031124s1962####nyu###########000#0#eng#d
005 20130308104818.0
245 1 0 |a Operational calculus and generalized functions /  |c Arthur Erdélyi. 
260 |a New York :  |b Holt, Rinehart and Winston,  |c c1962. 
300 |a viii, 103 p. ;  |c 24 cm. 
440 0 |a Athena series 
100 1 |a Erdélyi, Arthur. 
084 |a 44Axx (46Fxx)  |2 msc2000 
859 |h 44  |i Er66  |p A-1666  |b BIB. MATEMATICA